000
00330 a2200109 4500
001
ART_47594
005
20260410161630.0
008
260409a
245
1
0
_a
Las escisiones societarias en las normas contables argentinas
100
1
_a
Torres, Carlos Federico
773
0
_t
Enfoques
_g
- N°9 (sep. 2018)
_w
REV416
999
_c
12403
_d
12403